| 000 | 00925nam a2200241Ia 4500 | ||
|---|---|---|---|
| 001 | 3034 | ||
| 003 | GE_BSU | ||
| 008 | 181216s||||||||xx |||||||||||||| ||und|| | ||
| 020 | _a5731008639 | ||
| 040 | _cGE_BSU | ||
| 245 | _aИпотечно-Инвестиционный анализ | ||
| 245 | _bУчебное пособие Санкт-Петербургский Гос ун-тет Экономики и финансов кафедра ценообразования . | ||
| 245 | _cпод. ред.: В. Е. Есипова, | ||
| 260 | _aСПБ | ||
| 260 | _bСанкт-Петербургский Гос. ун-тет Гос. Экономики и финансов | ||
| 260 | _c1998 | ||
| 300 | _a207 ст.21 см. | ||
| 541 | _h10 л. | ||
| 653 | _aИпотечно-Инвесеиционный анализ: | ||
| 653 | _aЭкономика | ||
| 653 | _aეკონომიკა | ||
| 942 | _cBK | ||
| 999 |
_c37078 _d37078 |
||